000 00502nam a22001817a 4500
999 _c6183
_d6183
003 AR-CdUCM
008 190313b ||||| |||| 00| 0 spa d
040 _aMUNICIPALIDAD PROVINCIAL DEL CUSCO
_cBIBLIOTECA MUNICIPAL DEL CUSCO
082 _22ed.
_a869.4 /
_bC24
100 _aCamarlinghi
_916652
245 _aBúcaro de amor /
260 _aLa Paz-Bolivia :
300 _a88 páginas ;
_c16 cm.
650 _aPoesía
_9139
650 _aLa Paz - Bolivia
_917861
942 _2ddc
_cLIBROS
945 _azta